al-Batrūl. (Record no. 46201)

MARC details
000 -LEADER
fixed length control field 00569cam a22002291 4500
001 - CONTROL NUMBER
control field ne 63001690
003 - CONTROL NUMBER IDENTIFIER
control field DLC
005 - DATE AND TIME OF LATEST TRANSACTION
control field 20260227111749.0
008 - FIXED-LENGTH DATA ELEMENTS--GENERAL INFORMATION
fixed length control field 881019s1961 xx a 000 0 arar
010 ## - LIBRARY OF CONGRESS CONTROL NUMBER
LC control number ne 63001690
035 ## - SYSTEM CONTROL NUMBER
System control number (OCoLC)23520666
040 ## - CATALOGING SOURCE
Original cataloging agency DLC
Transcribing agency MiU
Modifying agency DLC
042 ## - AUTHENTICATION CODE
Authentication code premarc
043 ## - GEOGRAPHIC AREA CODE
Geographic area code f-ua---
050 00 - LIBRARY OF CONGRESS CALL NUMBER
Classification number HD9577.E32
Item number A53
100 0# - MAIN ENTRY--PERSONAL NAME
Personal name Wizārat al-Ṣināʻah.
245 13 - TITLE STATEMENT
Title al-Batrūl.
260 ## - PUBLICATION, DISTRIBUTION, ETC.
Place of publication, distribution, etc. [n. p.]
Date of publication, distribution, etc. [1961.]
300 ## - PHYSICAL DESCRIPTION
Extent 35 p.
Other physical details illus.
Dimensions 23 cm.
500 ## - GENERAL NOTE
General note Romanized.
650 #0 - SUBJECT ADDED ENTRY--TOPICAL TERM
Topical term or geographic name entry element Petroleum industry and trade
Geographic subdivision Egypt.

No items available.

Powered by Koha